000 01262cam a2200325 i 4500
001 26220
003 Mx-PuUPA
005 20250522100839.0
008 140415s2005 mx ao gr 000 0 spa d
020 _a9688636312
_qpasta dura
040 _aMx-PuUPA
_bspa
_cMx-PuUPA
_dMx-PuUPA
_erda
041 0 _aspa
043 _2mx-mxbn
_bm-mx-pu
100 1 _aMerlo Juárez, Eduardo,
_9368
_eautor
245 1 0 _aPuebla de Zaragoza :
_bcrónica de 475 años de esplendor 1531 - 2006 /
_cEduardo Merlo
250 _aPrimera edición /
_bdiciembre
264 1 _aPuebla, Puebla :
_bHonorable Ayuntamiento de la Ciudad de Puebla,
_c2005
300 _a219 páginas :
_bilustraciones, fotografías (en color) ;
_c33 cm
336 _2rdacontent
_atexto
_btxt
337 _2rdamedia
_asin medio
_bn
338 _2rdacarrier
_avolumen
_bnc
650 7 _2armarc
_aEdificios
_xArte
_xHistoria
_vObras ilustradas
651 4 _aMéxico
_zPuebla de Zaragoza
_xHistoria
651 4 _aPuebla de Zaragoza (México)
_xEdificios, estructuras, etc.
_vObras ilustradas
651 4 _aPuebla de Zaragoza (México)
_xHistoria
_vObras ilustradas
651 4 _aPuebla de Zaragoza (México)
_xArte
942 _2ddc
_cLI
_h972.48
_iM55
999 _c26220
_d26220